Statistics for Football Clubs from Europe #1

Click here to take the quiz!

General Stats

  • This quiz has been taken 23 times
    (13 since last reset)
  • The average score is 3 of 5

Answer Stats

HintAnswer% Correct
Spanish GiantsReal Madrid
100%
Team who lost Bellingham in 2023, and Haaland in 2022.Borussia Dortmund
75%
The Miracle of 2014/15Leicester City
50%
The Premier Leagues 2022/23 20th Place TeamSouthampton
42%
Total value of the club is 176.18mGalatasaray
0%

Score Distribution

Percentile by Number Answered

Percent of People with Each Score

Your Score History

You have not taken this quiz since the last reset